| 000 | 00454nam a22001457a 4500 | ||
|---|---|---|---|
| 008 | 131210b xxu||||| |||| 00| 0 eng d | ||
| 040 | _aDLC | ||
| 050 |
_aSPC DT I.T45 _bS774 |
||
| 100 |
_aSsekyanzi, Robert _95467 |
||
| 245 |
_aFidelity in Religious life _bA Marcelian Approach _cSsekyanzi, Robert |
||
| 260 |
_aHarare _bArrupe College _c2011 |
||
| 300 |
_av, 116p. ; _c29cm. |
||
| 650 |
_aReligious life _vMarcel, Gabriel _95468 |
||
| 942 |
_2lcc _cMONOGRAPH |
||
| 999 |
_c119185 _d119185 |
||